[Event "Chigorin Memorial"]
[Site "St Petersburg RUS"]
[Date "2012.11.01"]
[Round "6.136"]
[White "Radkov, Bazhen D."]
[Black "Sarana, Alexey"]
[Result "0-1"]
[WhiteElo "1860"]
[BlackElo "2118"]
[WhiteFideId "24170593"]
[BlackFideId "24133795"]
[EventDate "2012.10.27"]

1. d4 Nf6 2. Nf3 e6 3. e3 d5 4. Bd3 b6 5. O-O Bb7 6. b3 Bd6 7. Bb2 O-O 8. Nbd2
Ne4 9. Qe2 Nd7 10. Ne5 f6 11. Nxd7 Qxd7 12. Nxe4 dxe4 13. Bc4 f5 14. f4 exf3 15.
gxf3 Rf6 16. Rf2 Re8 17. Raf1 Kh8 18. e4 e5 19. exf5 Qxf5 20. Bd3 Qh5 21. Be4
exd4 22. Bxd4 Rg6+ 23. Kh1 Qh4 24. Bxb7 Rxe2 25. Rxe2 h5 26. Be4 Re6 27. Rg2 Be5
28. Be3 Qe7 29. c4 Bf6 30. Bf4 h4 31. Rd1 Rxe4 0-1

[Event "Chigorin Memorial"]
[Site "St Petersburg RUS"]
[Date "2012.11.01"]
[Round "6.138"]
[White "Zavoronkov, Vladimir"]
[Black "Chernyak, Viktoria"]
[Result "1/2-1/2"]
[WhiteTitle "IM"]
[WhiteElo "2378"]
[BlackElo "1939"]
[WhiteFideId "4500342"]
[BlackFideId "24165956"]
[EventDate "2012.10.27"]

1. Nf3 Nf6 2. g3 g6 3. Bg2 Bg7 4. c4 c5 5. Nc3 O-O 6. O-O Nc6 7. d3 d6 8. a3 e5
9. Rb1 a5 10. Ne1 Be6 11. Nd5 Bxd5 12. cxd5 Ne7 13. e4 Nd7 14. Nc2 f5 15. f4 Rc8
16. Ne3 b5 17. a4 c4 18. axb5 cxd3 19. exf5 exf4 20. Rxf4 Ne5 21. fxg6 N7xg6 22.
Rxf8+ Bxf8 23. Nf1 Qb6+ 24. Be3 Qxb5 25. Rc1 Rxc1 26. Qxc1 Qc4 27. Qe1 Ng4 28.
Bb6 Bg7 29. Qe6+ Kh8 30. Qe8+ Nf8 31. Qe4 Qxe4 32. Bxe4 Bxb2 33. Bxa5 Bd4+ 34.
Kg2 Nf6 35. Kf3 N8d7 36. Bxd3 Bc5 37. Bc3 Kg8 38. Bf5 Kf7 39. Bxd7 Nxd7 40. Nd2
Nf6 41. Bxf6 Kxf6 42. Kf4 Bb4 43. Ne4+ Kg6 44. g4 Ba3 45. Ke3 h5 46. h3 hxg4 47.
hxg4 Bc1+ 48. Kd4 Bf4 49. Kc4 Be5 50. Kb5 Bf4 51. Kc6 Bh2 52. Kd7 Bf4 53. Ke6
Bh2 54. Nxd6 Kg5 55. Nf7+ Kxg4 56. Ne5+ Kf4 57. d6 Bg1 58. Nc4 Bf2 59. d7 Bh4
60. Ne5 Bd8 61. Kd6 Ke4 62. Nc6 Bb6 63. Ne7 Bd8 64. Nd5 Kf5 65. Ne7+ Ke4 66. Ke6
Bb6 67. Kd6 1/2-1/2

[Event "Chigorin Memorial"]
[Site "St Petersburg RUS"]
[Date "2012.11.01"]
[Round "6.139"]
[White "Drachev, Oleg"]
[Black "Fedoseeva, Valentina"]
[Result "1/2-1/2"]
[WhiteElo "2220"]
[BlackElo "1930"]
[WhiteFideId "24193933"]
[BlackFideId "4169875"]
[EventDate "2012.10.27"]

1. e4 e5 2. Nf3 d6 3. d4 exd4 4. Nxd4 g6 5. Nc3 Bg7 6. g3 Ne7 7. Bg2 Nbc6 8. Be3
O-O 9. O-O Bd7 10. f4 Qc8 11. Rf2 Re8 12. Qd2 f5 13. Re1 fxe4 14. Nxe4 Nf5 15.
Nxf5 Bxf5 16. Ng5 h6 17. Nf3 Kh7 18. c3 Be4 19. Nh4 Bxg2 20. Kxg2 Ne7 21. Bd4
Nf5 22. Nxf5 Qxf5 23. Bxg7 Kxg7 24. Rfe2 Kf7 25. Qd4 Qd7 26. Qd5+ Kf8 27. Qxb7
Rxe2+ 28. Rxe2 Re8 29. Rxe8+ Qxe8 30. Kf3 Qf7 31. b3 a5 32. Qa8+ Kg7 33. Qxa5 c5
34. Qa8 Qf6 35. Qb7+ Kh8 36. Qc8+ Kg7 37. Qd7+ Kf8 38. c4 Qc3+ 39. Kg4 Qd3 40.
Qe6 Kg7 41. Qd5 Qe2+ 42. Kh3 g5 43. Qb7+ Kg6 44. f5+ Kf6 1/2-1/2

[Event "Chigorin Memorial"]
[Site "St Petersburg RUS"]
[Date "2012.11.01"]
[Round "6.140"]
[White "Rjanova, Valery"]
[Black "Zhelobanov, Roman"]
[Result "1-0"]
[WhiteTitle "WFM"]
[WhiteElo "2206"]
[BlackElo "1912"]
[WhiteFideId "24129119"]
[BlackFideId "24154334"]
[EventDate "2012.10.27"]

1. e4 c6 2. d4 d5 3. Nd2 g6 4. c3 a6 5. Bd3 dxe4 6. Nxe4 Bg7 7. Bf4 Nd7 8. Qe2
Ngf6 9. Nd6+ Kf8 10. Nxc8 Rxc8 11. Nf3 Nd5 12. Bd2 Qc7 13. O-O Nf4 14. Qe4 Nxd3
15. Qxd3 h5 16. Rfe1 Bf6 17. Ng5 Kg7 18. Ne4 Rhd8 19. Qe3 e6 20. Qh6+ Kg8 21.
Bf4 e5 22. Nxf6+ Nxf6 23. Bxe5 Qe7 24. Re3 Rd5 25. Rae1 Rxe5 26. Rxe5 Qd6 27. h3
Rf8 28. Re7 b5 29. R1e6 Qd8 30. Qg5 Nh7 31. Rxg6+ Kh8 32. Qe5+ f6 33. Rxh7+ Kxh7
34. Qxh5# 1-0

[Event "Chigorin Memorial"]
[Site "St Petersburg RUS"]
[Date "2012.11.01"]
[Round "6.141"]
[White "Ustich, Ekaterina"]
[Black "Lutovinov, Alexander"]
[Result "0-1"]
[WhiteElo "1857"]
[BlackElo "2145"]
[WhiteFideId "24179221"]
[BlackFideId "34114758"]
[EventDate "2012.10.27"]

1. e4 e5 2. Nf3 Nc6 3. Bb5 a6 4. Bxc6 dxc6 5. O-O Qd6 6. d3 f6 7. Qe2 Bg4 8. h3
Be6 9. Be3 c5 10. Nbd2 O-O-O 11. Nc4 Qc6 12. Nfd2 g5 13. a4 h5 14. Na5 Qd7 15.
Nab3 Qc6 16. Na5 Qe8 17. Nab3 Kb8 18. Bxc5 Bxc5 19. Nxc5 Bc8 20. Ncb3 Ne7 21.
Nc4 Ng6 22. f3 Nf4 23. Qd1 Qg6 24. Ne3 c6 25. Kf2 Rdg8 26. Ke1 g4 27. hxg4 hxg4
28. Kd2 Rh2 29. Rh1 g3 30. Qf1 Rgh8 31. Rg1 Qg5 32. Kc3 Rd8 33. Qe1 Qg7 34. a5
Rhh8 35. Ra4 Rhg8 36. Nd2 Qd7 37. Qf1 c5 38. b3 Qb5 39. Ndc4 Rd4 40. Kb2 Rgd8
41. Na3 Qc6 42. Nac4 Be6 43. Rh1 Qb5 44. Na3 Qd7 45. Nec4 Qg7 46. Nb6 Rh8 47.
Nac4 Rh2 48. Ne3 Qh6 49. Ra1 Nxd3+ 50. cxd3 Qxe3 51. Rxh2 gxh2 52. Rd1 Rb4 53.
Nd5 Bxd5 54. exd5 Qd4+ 55. Ka3 Qc3 0-1

[Event "Chigorin Memorial"]
[Site "St Petersburg RUS"]
[Date "2012.11.01"]
[Round "6.142"]
[White "Aseev, Vladimir"]
[Black "Zakharov, Yuri"]
[Result "0-1"]
[WhiteElo "2095"]
[BlackElo "1902"]
[WhiteFideId "24121371"]
[BlackFideId "4166620"]
[EventDate "2012.10.27"]

1. d4 Nf6 2. Nf3 d5 3. c4 e6 4. Nc3 Be7 5. cxd5 exd5 6. Bg5 O-O 7. e3 c6 8. Bd3
Nbd7 9. Qc2 Re8 10. O-O Nf8 11. Ne5 Ng4 12. Bf4 Nxe5 13. Bxe5 Bd6 14. f4 f6 15.
Bxd6 Qxd6 16. Rae1 Be6 17. a3 Bf7 18. Qf2 Rad8 19. g4 Bg6 20. f5 Bf7 21. h4 Re7
22. Qg2 Rde8 23. Qh3 Kh8 24. Rf2 Nd7 25. g5 Bh5 26. Bc2 Kg8 27. Rd2 Kh8 28. Bd1
Bxd1 29. Rdxd1 a5 30. Qf3 b5 31. Rd3 b4 32. Ne2 Re4 33. Qf2 fxg5 34. hxg5 Rg4+
35. Kf1 Rxg5 36. Nf4 Rxf5 37. Qg3 g5 38. Qg4 Ref8 39. Re2 Rxf4+ 40. exf4 Rxf4+
41. Qxf4 Qxf4+ 42. Rf2 Qd6 43. Re3 Nf6 44. axb4 axb4 45. Re5 h6 46. Ke2 Kg7 47.
Kd3 0-1

[Event "Chigorin Memorial"]
[Site "St Petersburg RUS"]
[Date "2012.11.01"]
[Round "6.145"]
[White "Chistiakov, Mihail"]
[Black "Potyavin, Igor"]
[Result "0-1"]
[WhiteElo "1884"]
[BlackElo "2049"]
[WhiteFideId "24161217"]
[BlackFideId "4188233"]
[EventDate "2012.10.27"]

1. e4 c5 2. Nf3 d6 3. d4 cxd4 4. Nxd4 Nf6 5. Nc3 e6 6. Be2 Be7 7. O-O O-O 8. Be3
a6 9. f4 Qc7 10. Kh1 Nc6 11. Bf3 Na5 12. g4 Nc4 13. Bc1 e5 14. Nf5 Bxf5 15. exf5
exf4 16. g5 Nd7 17. Nd5 Qd8 18. Nxe7+ Qxe7 19. Bxf4 Nde5 20. Bd5 Nb6 21. Bb3
Nbc4 22. Qh5 b5 23. f6 Qb7+ 24. Kg1 Qe4 25. Bxc4 bxc4 26. Rae1 Qxc2 27. Bxe5
dxe5 28. Rxe5 Qxb2 29. Re7 Qd4+ 30. Rf2 Rab8 31. fxg7 Rb1+ 32. Kg2 Qxg7 33. Rc7
Rb5 34. h4 c3 35. Rf6 Rb2+ 36. Kg3 c2 37. Qf3 Rxa2 38. Qb3 Ra5 39. Qb4 Rb5 40.
Qf4 Rb3+ 41. Kg4 h5+ 42. Kf5 Rb5+ 43. Ke4 Rb4+ 44. Kf3 Rxf4+ 0-1

[Event "Chigorin Memorial"]
[Site "St Petersburg RUS"]
[Date "2012.11.01"]
[Round "6.146"]
[White "Glazov, Anatoly"]
[Black "Koshil, Tikhon"]
[Result "1/2-1/2"]
[WhiteElo "1835"]
[BlackElo "2048"]
[WhiteFideId "4192281"]
[BlackFideId "4126637"]
[EventDate "2012.10.27"]

1. c4 e5 2. Nc3 Nc6 3. e3 g6 4. Nf3 Bg7 5. d4 d6 6. Be2 Bd7 7. O-O Nf6 8. d5 Ne7
9. e4 b6 10. Bg5 h6 11. Be3 O-O 12. Nd2 g5 13. g3 Bh3 14. Re1 Ng6 15. Bf1 Qd7
16. f3 Kh8 17. Nb5 Bxf1 18. Rxf1 Rg8 19. Qe2 a6 20. Nc3 Rad8 21. Kh1 Nh7 22. f4
exf4 23. gxf4 gxf4 24. Bxf4 Nxf4 25. Rxf4 Be5 26. Rh4 Rg6 27. Nf3 Bf6 28. Rf4
Rdg8 29. Rf1 Qh3 30. Ng1 Qd7 31. Qh5 Be5 32. Rf5 Nf6 33. Qh4 R8g7 34. Nf3 Ng4
35. Nxe5 Nxe5 36. Ne2 Kg8 37. Nf4 Rg4 38. Qxh6 Nf3 39. Nh3 Rh4 40. Rh5 Rxh5 41.
Qxh5 Ne5 42. b3 b5 43. c5 dxc5 44. Rf5 Ng6 45. Ng5 Qe7 46. Qg4 Ne5 47. Qf4 Nd3
48. Qe3 c4 49. bxc4 bxc4 50. h3 Qb4 51. Rf1 Qb2 52. Qf3 Qd2 53. Nxf7 Ne1 54.
Nh6+ Kh7 55. Qf5+ Kxh6 56. Qf6+ Kh7 57. Qf5+ Kh6 58. Qf6+ Kh7 59. Qh4+ Kg8 1/2-1/2

[Event "Chigorin Memorial"]
[Site "St Petersburg RUS"]
[Date "2012.11.01"]
[Round "6.148"]
[White "Kosov, Igor"]
[Black "Salov, Vitaly V."]
[Result "1-0"]
[WhiteElo "1817"]
[BlackElo "1993"]
[WhiteFideId "24100528"]
[BlackFideId "4128044"]
[EventDate "2012.10.27"]

1. d4 c5 2. d5 e5 3. c4 d6 4. Nc3 Be7 5. e4 a6 6. a4 Bg5 7. Bd3 Bxc1 8. Qxc1 Nh6
9. Qe3 O-O 10. Nge2 Qb6 11. O-O Bg4 12. f3 Bd7 13. a5 Qd8 14. f4 exf4 15. Qxf4
Qe7 16. Ng3 f6 17. Nf5 Bxf5 18. exf5 Nf7 19. Rfe1 Ne5 20. Bc2 Qc7 21. Re3 b6 22.
axb6 Qxb6 23. b3 Nbd7 24. Ra4 Rfe8 25. h3 Re7 26. Ra1 Rae8 27. Rae1 Nf8 28. Kh1
Kf7 29. Ne4 Kg8 30. g4 h6 31. h4 Nh7 32. R1e2 Kf8 33. g5 hxg5 34. hxg5 fxg5 35.
Nxg5 Nxg5 36. f6 gxf6 37. Qxf6+ Ngf7 38. Rh2 Ng6 39. Bxg6 1-0

[Event "Chigorin Memorial"]
[Site "St Petersburg RUS"]
[Date "2012.11.01"]
[Round "6.149"]
[White "Jorayewa, Govher"]
[Black "Faizutdinova, Diana"]
[Result "1-0"]
[WhiteTitle "WFM"]
[WhiteElo "1990"]
[BlackElo "1834"]
[WhiteFideId "14001454"]
[BlackFideId "24143731"]
[EventDate "2012.10.27"]

1. e4 e5 2. Nf3 Nc6 3. Nc3 g6 4. d4 exd4 5. Nxd4 Bg7 6. Be3 d6 7. Qd2 Bd7 8.
O-O-O Nxd4 9. Bxd4 Bxd4 10. Qxd4 Qf6 11. Qe3 Ne7 12. f3 a6 13. Bc4 b5 14. Bb3 a5
15. Rhe1 O-O 16. e5 Qg7 17. e6 Nf5 18. exf7+ Kh8 19. Qe4 a4 20. Bd5 Rab8 21. Rd3
b4 22. Nd1 Nh6 23. Qd4 Qxd4 24. Rxd4 Nf5 25. Rde4 c6 26. Be6 Bxe6 27. Rxe6 Rxf7
28. Ne3 Nxe3 29. R1xe3 Rd7 30. Re8+ Rxe8 31. Rxe8+ Kg7 32. Ra8 Kf6 33. Rxa4 c5
34. a3 bxa3 35. bxa3 d5 36. Kd2 g5 37. Ra5 c4 38. Kc3 Ke5 39. Ra8 g4 40. Re8+
Kf4 41. Kd4 gxf3 42. Rf8+ Kg4 43. Rxf3 h5 44. a4 h4 45. a5 Ra7 46. Ra3 1-0

[Event "Chigorin Memorial"]
[Site "St Petersburg RUS"]
[Date "2012.11.01"]
[Round "6.150"]
[White "Toporkova, Sofia"]
[Black "Kuzmin, Arseniy"]
[Result "0-1"]
[WhiteElo "1732"]
[BlackElo "1982"]
[WhiteFideId "4169930"]
[BlackFideId "24150827"]
[EventDate "2012.10.27"]

1. d4 d6 2. c4 g6 3. Nc3 Bg7 4. e4 Nc6 5. d5 Nd4 6. Nge2 Nxe2 7. Bxe2 e5 8. O-O
Ne7 9. f4 O-O 10. g4 f5 11. gxf5 gxf5 12. Kh1 Ng6 13. fxe5 Bxe5 14. Rg1 fxe4 15.
Bg5 Qe8 16. h4 Bh3 17. Qe1 Qd7 18. h5 Qf5 19. Be3 Kg7 20. Qh4 Rh8 21. Qe7+ Kg8
22. Qe6+ Qxe6 23. dxe6 Bxe6 24. hxg6 hxg6+ 25. Kg2 Rh3 26. Bf2 e3 27. Be1 Rf8
28. Rh1 Rxh1 29. Kxh1 Rf7 30. Kg2 Rf5 31. Bh4 g5 32. Bd3 gxh4 33. Bxf5 Bxf5 34.
Nd5 Be4+ 35. Kh3 Bxd5 36. cxd5 Bg3 0-1

[Event "Chigorin Memorial"]
[Site "St Petersburg RUS"]
[Date "2012.11.01"]
[Round "6.151"]
[White "Ayvazyan, Nikita"]
[Black "Egorov, Daniil"]
[Result "0-1"]
[WhiteElo "1973"]
[BlackElo "1819"]
[WhiteFideId "4177266"]
[BlackFideId "24171956"]
[EventDate "2012.10.27"]

1. e4 c5 2. Nc3 d6 3. d4 cxd4 4. Qxd4 Nc6 5. Bb5 Bd7 6. Bxc6 Bxc6 7. Nf3 Nf6 8.
Bg5 e6 9. O-O-O Be7 10. Qd3 Qa5 11. h4 O-O 12. Nd4 Rac8 13. f4 Rfd8 14. f5 Bd7
15. Nb3 Qb4 16. Rhe1 h6 17. Bxf6 Bxf6 18. a3 Qb6 19. Qxd6 Qf2 20. Re2 Qxh4 21.
Qb4 b6 22. Kb1 Be7 23. Qd4 Bb5 24. Nxb5 Rxd4 25. N5xd4 e5 26. Nf3 Qf4 27. Rd7
Bf6 28. Nc1 Re8 29. Nd3 Qg3 30. Rxa7 h5 31. Rb7 h4 32. Ng1 Qg4 33. Re1 Bd8 34.
Nf2 Qxg2 35. Ngh3 Re7 36. Rb8 Rd7 37. a4 Kf8 38. Kc1 Qf3 39. Rc8 Ke7 40. Rc3 Qh5
41. Rg1 Rc7 42. Re3 Qh6 43. Ng4 Qc6 44. c3 f6 45. Rd1 Rd7 46. Rxd7+ Qxd7 47. b3
b5 48. axb5 Qxb5 49. Kc2 Qf1 50. Nhf2 Bb6 51. Rf3 Qe2+ 0-1

[Event "Chigorin Memorial"]
[Site "St Petersburg RUS"]
[Date "2012.11.01"]
[Round "6.153"]
[White "Kiseleva, Arina"]
[Black "Shuvalov, Arvind"]
[Result "1-0"]
[WhiteTitle "WCM"]
[WhiteElo "1939"]
[BlackElo "1789"]
[WhiteFideId "4164989"]
[BlackFideId "24199079"]
[EventDate "2012.10.27"]

1. d4 Nf6 2. Nf3 g6 3. c4 c5 4. Nc3 cxd4 5. Nxd4 Bg7 6. e4 d6 7. Be2 O-O 8. O-O
Nc6 9. Be3 Bd7 10. f3 Rc8 11. Qd2 h5 12. Rfd1 Kh7 13. Rac1 Ne8 14. Nxc6 bxc6 15.
c5 Qa5 16. cxd6 exd6 17. Bf4 Be5 18. Bxe5 Qxe5 19. f4 Qe7 20. Qd4 Be6 21. f5 Bd7
22. Qxa7 Rc7 23. Qf2 Qg5 24. fxg6+ Qxg6 25. Qh4 Ng7 26. Nb5 Rb7 27. Rxd6 f6 28.
Nc3 Ne8 29. Rd3 Ng7 30. Na4 Qh6 31. Rcd1 Be8 32. b3 f5 33. Bf3 Bg6 34. Nc5 Rbf7
35. e5 f4 36. Nd7 Bxd3 37. Nxf8+ Rxf8 38. Rxd3 Qg6 39. Rd1 Re8 40. Qf6 Qc2 41.
Qxc6 Qxc6 42. Bxc6 Rxe5 43. Rd5 Rxd5 44. Bxd5 1-0

[Event "Chigorin Memorial"]
[Site "St Petersburg RUS"]
[Date "2012.11.01"]
[Round "6.154"]
[White "Popov, Alexei"]
[Black "Ivanov, Sergei V."]
[Result "0-1"]
[WhiteElo "1823"]
[BlackElo "2060"]
[WhiteFideId "24195898"]
[BlackFideId "24170003"]
[EventDate "2012.10.27"]

1. e4 g6 2. d4 Bg7 3. f4 d6 4. Nc3 Nf6 5. Nf3 c6 6. Be3 b5 7. a3 O-O 8. Be2 Nbd7
9. d5 cxd5 10. Bxb5 Ng4 11. Bd4 e5 12. fxe5 dxe5 13. Bxd7 exd4 14. Bxc8 Rxc8 15.
Nxd5 Re8 16. Nd2 Qxd5 17. Qxg4 f5 18. O-O fxe4 19. Rac1 Bh6 20. Qd1 Be3+ 21. Kh1
Qg5 22. Nb3 Bxc1 23. Nxc1 Rcd8 24. Ne2 d3 25. cxd3 exd3 26. Nf4 Qb5 27. a4 Qc4
28. b3 Qc5 29. Qd2 Rf8 30. b4 Qc4 31. Rf3 Qc2 32. Qe1 Rfe8 33. Qf1 d2 34. Nh5
Re1 35. Nf6+ Kh8 36. h4 Rxf1+ 37. Rxf1 d1=Q 38. Rxd1 Rxd1+ 39. Kh2 Rd2 40. Kh3
Rxg2 41. Ng4 Qe2 42. Ne5 Rg1 43. Nxg6+ hxg6 0-1

[Event "Chigorin Memorial"]
[Site "St Petersburg RUS"]
[Date "2012.11.01"]
[Round "6.155"]
[White "Hyotyla, Tapio"]
[Black "Yakovlev, Yuri S."]
[Result "1/2-1/2"]
[WhiteElo "1795"]
[BlackElo "1982"]
[WhiteFideId "501026"]
[BlackFideId "4173929"]
[EventDate "2012.10.27"]

1. d4 e6 2. c4 d5 3. Nc3 Nf6 4. Bg5 Be7 5. cxd5 exd5 6. e3 c6 7. Nf3 Ne4 8. Bxe7
Qxe7 9. Qc2 Nd7 10. Bd3 f5 11. O-O O-O 12. Rab1 g6 13. b4 a6 14. a4 Ng5 15. Nxg5
Qxg5 16. Ne2 Qe7 17. Rfc1 Nf6 18. b5 axb5 19. axb5 Bd7 20. bxc6 bxc6 21. Rb7
Rfb8 22. Qxc6 Rxb7 23. Qxb7 Rd8 24. Nf4 Qd6 25. Rc5 Rb8 26. Qc7 Qxc7 27. Rxc7
Bb5 28. Bxb5 Rxb5 29. h4 Rb1+ 30. Kh2 Ng4+ 31. Kg3 Rb2 32. Nh3 Nf6 33. Kf3 h6
34. Rc6 Kf7 35. Nf4 g5 36. hxg5 hxg5 37. Rc7+ Ke8 38. Nd3 Rd2 39. Rc3 Ne4 40.
Rb3 g4+ 41. Kf4 Nxf2 42. Ne5 Ne4 43. Kxf5 g3 44. Ke6 Kd8 45. Kxd5 Nf6+ 46. Ke6
Ne4 47. Kf5 Nd6+ 48. Kf4 Rxg2 49. Kf3 Rg1 50. Rb2 Nf5 51. Ke4 g2 52. Nf3 Re1 53.
Rxg2 Rxe3+ 54. Kf4 Rxf3+ 55. Kxf3 Nh4+ 1/2-1/2

[Event "Chigorin Memorial"]
[Site "St Petersburg RUS"]
[Date "2012.11.01"]
[Round "6.158"]
[White "Shagdurov, Denis"]
[Black "Kholova, Elena"]
[Result "1-0"]
[WhiteElo "1890"]
[BlackElo "1736"]
[WhiteFideId "24136735"]
[BlackFideId "4146093"]
[EventDate "2012.10.27"]

1. e4 c6 2. d4 d5 3. e5 Bf5 4. h4 h5 5. Bg5 Qb6 6. Bd3 Bxd3 7. Qxd3 Qxb2 8. e6
Qxa1 9. Qb3 Qxd4 10. Qxb7 fxe6 11. Qxa8 Qb6 12. Nd2 Kf7 13. Ngf3 Qc7 14. O-O c5
15. Be3 Nd7 16. Ng5+ Kf6 17. Qe8 Nh6 18. Qxh5 Qe5 19. Nh7+ Rxh7 20. Bg5+ Kf5 21.
Bxe7+ Kf4 22. g3# 1-0

[Event "Chigorin Memorial"]
[Site "St Petersburg RUS"]
[Date "2012.11.01"]
[Round "6.160"]
[White "Bubnov, Kirill"]
[Black "Kuvyrshin, Maksim"]
[Result "0-1"]
[WhiteElo "1713"]
[BlackElo "1865"]
[WhiteFideId "24175277"]
[BlackFideId "24177563"]
[EventDate "2012.10.27"]

1. d4 d5 2. c4 e6 3. Nc3 Nf6 4. Bg5 c6 5. e3 Nbd7 6. Nf3 Be7 7. Qc2 O-O 8. Rd1
a6 9. a3 dxc4 10. Bxc4 b5 11. Ba2 Qb6 12. O-O c5 13. Ne4 c4 14. Bb1 Nd5 15. Bxe7
Nxe7 16. Nd6 g6 17. Qe4 Rb8 18. Nxc8 Rfxc8 19. Qh4 Nf5 20. Bxf5 exf5 21. Qe7 Rb7
22. Qb4 a5 23. Qd2 Nf6 24. Qc2 Ne4 25. Nd2 Qc6 26. Nxe4 Qxe4 27. Qxe4 fxe4 28.
d5 c3 29. bxc3 Rxc3 30. d6 Rd7 31. Rd2 Rxa3 32. Rfd1 Kg7 33. g4 b4 34. Rd4 f5
35. gxf5 gxf5 36. Rd5 Kf6 37. Kg2 Ke6 38. Kg3 Rd3 39. R1xd3 exd3 40. Rxd3 Rxd6
41. Rb3 Rb6 42. Kf3 a4 43. Rb1 b3 44. Ke2 a3 45. Kd2 a2 0-1

[Event "Chigorin Memorial"]
[Site "St Petersburg RUS"]
[Date "2012.11.01"]
[Round "6.162"]
[White "Uyanik, Mehmet"]
[Black "Mikhaylov, Dimitri"]
[Result "0-1"]
[WhiteElo "1687"]
[BlackElo "1854"]
[WhiteFideId "6363164"]
[BlackFideId "13901273"]
[EventDate "2012.10.27"]

1. Nf3 b5 2. e4 Bb7 3. d3 c5 4. a4 b4 5. c3 e6 6. Bf4 Nf6 7. Nbd2 Be7 8. cxb4
cxb4 9. Rc1 Nc6 10. d4 O-O 11. Bd3 h6 12. O-O Qb6 13. Nc4 Qd8 14. Nd6 Qb8 15. e5
Nh5 16. Qd2 Nxf4 17. Qxf4 Bxd6 18. exd6 f5 19. Rc5 Qe8 20. Re1 Qg6 21. Bc4 Nxd4
22. Nh4 Qf6 23. Ree5 Be4 24. f3 g5 25. Qg3 Kh7 26. fxe4 gxh4 27. Qf2 Nc6 28.
Rxc6 Qxe5 29. Rc7 Qxd6 30. Rc5 fxe4 0-1

[Event "Chigorin Memorial"]
[Site "St Petersburg RUS"]
[Date "2012.11.01"]
[Round "6.163"]
[White "Bezobrazov, Lev"]
[Black "Belkina, Yulia"]
[Result "0-1"]
[WhiteElo "1673"]
[BlackElo "1850"]
[WhiteFideId "4152409"]
[BlackFideId "4116542"]
[EventDate "2012.10.27"]

1. e4 c5 2. Nc3 Nc6 3. g3 g6 4. Bg2 Bg7 5. d3 d6 6. Nge2 Nf6 7. h3 Rb8 8. a4 a6
9. Be3 b5 10. axb5 axb5 11. Qd2 b4 12. Nd1 h5 13. f3 Bb7 14. d4 Nd7 15. dxc5
dxc5 16. Nf4 Na5 17. Bf1 Qb6 18. Nd5 Bxd5 19. Qxd5 e6 20. Qa2 Ra8 21. Qa4 Qc7
22. Bf4 Be5 23. Bb5 Bxf4 24. gxf4 O-O 25. Bxd7 Rfd8 26. Qb5 Rxd7 27. e5 Rd4 28.
Nf2 Rxf4 29. Qe2 Rf5 30. f4 Rxf4 31. Rg1 Rf5 32. Kf1 Rxe5 33. Qd3 Rf5 34. Ke1
Rd8 35. Qe2 Qf4 0-1

[Event "Chigorin Memorial"]
[Site "St Petersburg RUS"]
[Date "2012.11.01"]
[Round "6.164"]
[White "Bezulenko, Evgeny"]
[Black "Stoliarenko, Ivan"]
[Result "1/2-1/2"]
[WhiteElo "1850"]
[BlackElo "1673"]
[WhiteFideId "24105996"]
[BlackFideId "24199591"]
[EventDate "2012.10.27"]

1. f4 d5 2. Nf3 g6 3. d4 Bg7 4. e3 c5 5. c3 Nh6 6. Bb5+ Bd7 7. Qa4 O-O 8. dxc5
a6 9. Bxd7 Nxd7 10. Qb4 Qc7 11. c6 bxc6 12. O-O Nf5 13. Na3 Nd6 14. Qa4 Ne4 15.
Nd4 c5 16. Ne2 c4 17. Qc2 e5 18. f5 Rac8 19. g4 Bh6 20. h4 f6 21. Rf3 Kh8 22.
Bd2 Nxd2 23. Qxd2 e4 24. Rf2 Ne5 25. Nd4 Nxg4 26. Nac2 Qg3+ 27. Rg2 Bxe3+ 28.
Nxe3 Qxe3+ 29. Qxe3 Nxe3 30. Rf2 Nxf5 31. Nxf5 gxf5 32. Rxf5 Kg7 33. Rxd5 f5 34.
Rf1 Kg6 35. Re5 Rb8 36. Rf2 Rb5 37. Re7 Rf7 38. Re8 h6 39. Rg2+ Kf6 40. h5 Rg7
41. Rf8+ Ke7 42. Rxg7+ Kxf8 43. Rg6 Rxb2 44. Rxh6 Rxa2 45. Rf6+ Kg7 46. Rxf5 Ra3
47. Re5 Rxc3 48. Rxe4 a5 49. Re5 a4 50. Ra5 a3 51. Kf1 Rb3 52. Ke1 c3 53. Kd1
Kh6 1/2-1/2

[Event "Chigorin Memorial"]
[Site "St Petersburg RUS"]
[Date "2012.11.01"]
[Round "6.165"]
[White "Dzhavathanov, Magomed"]
[Black "Elizarova, Taisia"]
[Result "1-0"]
[WhiteElo "1848"]
[BlackElo "1663"]
[WhiteFideId "24106020"]
[BlackFideId "24128350"]
[EventDate "2012.10.27"]

1. f4 d5 2. Nf3 c5 3. e3 g6 4. d4 Qc7 5. Nc3 Nf6 6. Nb5 Qb6 7. a4 a6 8. dxc5
Qxc5 9. Nbd4 Bg7 10. Bd3 Nc6 11. O-O O-O 12. c3 b6 13. b4 Qd6 14. Qe1 Bb7 15. f5
Ng4 16. Qh4 Nce5 17. Bc2 Bf6 18. Qh3 Bc8 19. Nxe5 Nxe5 20. Bd2 Nc4 21. Be1 Qe5
22. Rf3 Bg5 23. Bg3 Bxe3+ 24. Kh1 Qg7 25. Rd1 Bg5 26. Qg4 Bf6 27. h4 h5 28. Qf4
Be5 29. Qg5 Bxg3 30. Rxg3 f6 31. Qf4 Ne5 32. fxg6 Bg4 33. Rxg4 Nxg4 34. Ne6 Qh6
35. g7 Qxf4 36. gxf8=Q+ Rxf8 37. Nxf4 Nf2+ 38. Kg1 Nxd1 39. Bxd1 Rc8 40. Nxd5
Kf8 41. Bxh5 b5 42. axb5 axb5 43. Be2 e6 44. Nxf6 Rxc3 45. Bxb5 Rb3 46. g4 Rxb4
47. Be2 Kf7 48. Nh5 Re4 49. Bf3 Re5 50. Ng3 Rb5 51. Kf2 Rb4 52. Ne4 e5 53. h5
Kg7 54. Kg3 Rb6 55. g5 Rb8 56. Kg4 Rf8 57. Kg3 Rf5 58. Kf2 Rf4 59. Ke3 Rf5 60.
Bg4 Rf4 61. Bd7 Rf8 62. Nd6 Rd8 63. Nf5+ Kf7 64. Bc6 Rh8 65. Bd5+ Kf8 66. g6 1-0

[Event "Chigorin Memorial"]
[Site "St Petersburg RUS"]
[Date "2012.11.01"]
[Round "6.167"]
[White "Biyachuev, Minkail"]
[Black "Berdashkevich, Svetlana"]
[Result "0-1"]
[WhiteElo "1574"]
[BlackElo "1825"]
[WhiteFideId "34120065"]
[BlackFideId "24197483"]
[EventDate "2012.10.27"]

1. e4 c6 2. Nc3 g6 3. Bc4 Bg7 4. Nf3 b5 5. Bb3 a5 6. a3 Na6 7. d4 e6 8. Bg5 Ne7
9. e5 h6 10. Bh4 g5 11. Bg3 Nf5 12. Ne4 d5 13. Nd6+ Nxd6 14. exd6 f5 15. Be5 Kf7
16. Qe2 Rg8 17. O-O-O Bf8 18. Qd2 Bxd6 19. Bxd6 Qxd6 20. Ne5+ Kf6 21. Qxa5 Bd7
22. Qe1 c5 23. Nxd7+ Qxd7 24. Qe5+ Kf7 25. c3 b4 26. cxb4 cxb4 27. a4 Nb8 28.
Rd2 Nc6 29. Qe2 Rgc8 30. Qh5+ Kg7 31. Kd1 Na5 32. Qf3 Nxb3 33. Qxb3 Rxa4 34. Ke2
Qb5+ 35. Qd3 Qb6 36. Re1 b3 37. Qe3 Rcc4 38. Qe5+ Kh7 39. Kf3 Rxd4 40. Rxd4 Rxd4
41. Qf6 Rf4+ 42. Kg3 Qxf2+ 43. Kh3 g4# 0-1

[Event "Chigorin Memorial"]
[Site "St Petersburg RUS"]
[Date "2012.11.01"]
[Round "6.168"]
[White "Grachev, Andrey"]
[Black "Gantsevich, Dmitry"]
[Result "1-0"]
[WhiteElo "2040"]
[BlackElo "1546"]
[WhiteFideId "24138290"]
[BlackFideId "24162582"]
[EventDate "2012.10.27"]

1. e4 c5 2. Nf3 d6 3. c3 Nf6 4. Be2 g6 5. O-O Bg7 6. Bb5+ Nbd7 7. Re1 O-O 8. d4
e5 9. a4 Qc7 10. Nbd2 a6 11. Bd3 Nh5 12. dxe5 Nxe5 13. Nxe5 dxe5 14. g3 Rd8 15.
Qe2 Nf6 16. Nc4 Ne8 17. a5 Nd6 18. Nb6 Rb8 19. Nd5 Qd7 20. Be3 f5 21. f3 c4 22.
Bxc4 Nxc4 23. Qxc4 Qf7 24. Ne7+ Kf8 25. Qc7 Bd7 26. Bc5 Ke8 27. Rad1 Qe6 28. Rd5
fxe4 29. Rxe4 Rbc8 30. Nxc8 Rxc8 31. Qxb7 Bc6 32. Qxg7 Qxd5 33. Qf8+ Kd7 34.
Qe7# 1-0